The epistle to the Galatians / (Record no. 8474)
[ view plain ]
| 000 -LEADER | |
|---|---|
| fixed length control field | 01118nam a22002297a 4500 |
| 003 - CONTROL NUMBER IDENTIFIER | |
| control field | GBCCL |
| 005 - DATE AND TIME OF LATEST TRANSACTION | |
| control field | 20241126110651.0 |
| 008 - FIXED-LENGTH DATA ELEMENTS--GENERAL INFORMATION | |
| fixed length control field | 210224b ||||| |||| 00| 0 eng d |
| 020 ## - INTERNATIONAL STANDARD BOOK NUMBER | |
| International Standard Book Number | 0801039673 |
| 020 ## - INTERNATIONAL STANDARD BOOK NUMBER | |
| International Standard Book Number | 9780801039676 |
| 040 ## - CATALOGING SOURCE | |
| Transcribing agency | GBC |
| 082 ## - DEWEY DECIMAL CLASSIFICATION NUMBER | |
| Classification number | 227.407 |
| Item number | DUN |
| 100 ## - MAIN ENTRY--PERSONAL NAME | |
| Personal name | Dunn, James D G |
| 9 (RLIN) | 14863 |
| 245 ## - TITLE STATEMENT | |
| Title | The epistle to the Galatians / |
| Statement of responsibility, etc. | James D G Dunn |
| 260 ## - PUBLICATION, DISTRIBUTION, ETC. | |
| Place of publication, distribution, etc. | Grand Rapids, MI : |
| Name of publisher, distributor, etc. | Baker Academic, |
| Date of publication, distribution, etc. | 2011. |
| 300 ## - PHYSICAL DESCRIPTION | |
| Extent | xxiii, 375 pages : |
| Other physical details | map ; |
| Dimensions | 22 cm. |
| 440 ## - SERIES STATEMENT/ADDED ENTRY--TITLE | |
| Title | Black's New Testament commentaries. |
| 9 (RLIN) | 12161 |
| 505 ## - FORMATTED CONTENTS NOTE | |
| Formatted contents note | Paul's letter to the Galatians may be the boldest exposition of the gospel and one of the best examples that Paul's theology first and foremost emerged within the framework of a living community. Dunn's sensitivity to the letter's larger flow of thought and his adept hand at guiding us through the sometimes murky waters of Paul's thought combine to make this commentary refreshingly accessible and eminently serviceable. - back of book |
| 650 ## - SUBJECT ADDED ENTRY--TOPICAL TERM | |
| Topical term or geographic name entry element | Bible. |
| Form subdivision | Galatians |
| General subdivision | Commentaries. |
| 9 (RLIN) | 11516 |
| 650 ## - SUBJECT ADDED ENTRY--TOPICAL TERM | |
| Topical term or geographic name entry element | Bible. |
| Form subdivision | Galatians. |
| 9 (RLIN) | 14864 |
| 942 ## - ADDED ENTRY ELEMENTS (KOHA) | |
| Source of classification or shelving scheme | Dewey Decimal Classification |
| Koha item type | Books |
| Koha issues (borrowed), all copies | 3 |
| Withdrawn status | Lost status | Source of classification or shelving scheme | Damaged status | Not for loan | Home library | Current Library | Shelving location | Date acquired | Total checkouts | Full call number | Barcode | Date last seen | Date last checked out | Copy number | Price effective from | Koha item type |
|---|---|---|---|---|---|---|---|---|---|---|---|---|---|---|---|---|
| Dewey Decimal Classification | GRACE BIBLE COLLEGE | GRACE BIBLE COLLEGE | Biblical Studies | 2021-02-24 | 4 | 227.407 DUN | 020109 | 2025-05-01 | 2025-02-24 | c.1 | 2021-02-24 | Books |